|
|
|
|
| LEADER |
00000cam a2200000 a 4500 |
| 003 |
Ucuenca |
| 005 |
20230308182628.0 |
| 008 |
996010|1989 ec |||||r|||||||||||spa|| |
| 040 |
|
|
|b spa
|
| 041 |
0 |
|
|a spa
|
| 082 |
0 |
|
|a 634.956
|
| 245 |
|
|
|a Zonificación de especies forestales en la región interandina del Ecuador
|c Donald Zeoser, Segundo Jadán, Guillermo del Posso
|h imp
|
| 264 |
|
|
|a Quito
|b Ministerio de Agricultura y Ganadería
|c 1989
|
| 300 |
|
|
|a 100 páginas:
|b tab
|c 30 cm
|
| 504 |
|
|
|a incl. ref.
|
| 505 |
0 |
|
|a Revisión y literatura.-- Materiales y métodos.-- Las influencias de suelos y climas.-- Las unidades silviculturales.-- Aspectos destacables
|
| 650 |
|
|
|a Especies forestales del ecuador
|9 100796
|
| 650 |
|
|
|a Silvicultura
|9 53872
|
| 700 |
1 |
|
|a Zeoser, Donald
|9 100798
|
| 700 |
1 |
|
|a Jadán, Segundo
|9 100799
|
| 700 |
1 |
|
|a Posso, Guillermo del
|9 100800
|
| 852 |
|
|
|a UC-YANUNCAY
|f Donación
|k abcd
|l 1
|m General
|p 19960103
|q 2,00
|r 2
|t 1868
|b 0
|d CDRY
|e CDRY
|g 634.956 SALA 1 AGROPECUARIAS
|z 1996-60-10
|
| 942 |
|
|
|c BK
|z diana.leon@ucuenca.edu.ec
|
| 999 |
|
|
|c 60335
|d 60335
|